|
|
|
|
| LEADER |
00000nam a2200000 a 4500 |
| 001 |
vtls001447625 |
| 003 |
SK-MaSNL |
| 005 |
20260302002204.0 |
| 008 |
160401s2002 xo f y 0 slo |
| 015 |
|
|
|a SNBK2003/01-00450
|
| 020 |
|
|
|a 8080473730
|
| 035 |
|
|
|a SNK000402885
|
| 040 |
|
|
|a SNK
|b slo
|c SNK
|e AACR2
|
| 041 |
0 |
|
|a slo
|
| 044 |
|
|
|a xo
|c SK
|
| 080 |
|
|
|a 050.9(02.056.262)"2003"
|2 2. stred. slo
|
| 245 |
1 |
|
|a Stolový kalendár pre nevidiacich a slabozrakých na rok 2003
|h slepecká tlač
|
| 260 |
|
|
|a Levoča
|b Ústredná knižnica pre nevidiacich Mateja Hrebendu
|c 2002
|
| 300 |
|
|
|a [40] s. v Brailleovom písme
|c 28x21 cm
|
| 500 |
|
|
|a Text aj v tlač. podobe
|
| 650 |
0 |
7 |
|a kalendáre stolové
|y 2003
|x tlače slepecké
|2 SNK
|9 639240
|
| 919 |
|
|
|a 80-8047-373-0
|
| 958 |
|
|
|a KST
|
| 958 |
|
|
|a SX
|
| 999 |
|
|
|c 986980
|d 988910
|
| 952 |
|
|
|t P60, <03>, [BOOK], {603}
|a SNK
|b SNK
|y PREZ
|7 0
|p 17A0371049
|o snkOSC 21966
|i snkKSP 229/2003
|0 0
|1 0
|4 0
|d 2003-01-13
|l 0
|r 2005-01-02 00:00:00
|w 2026-02-24
|